| 000 | 00840nam a2200253Ia 4500 | ||
|---|---|---|---|
| 003 | OSt | ||
| 005 | 20220927105417.0 | ||
| 006 | a|||||r|||| 00| 0 | ||
| 007 | ta | ||
| 008 | 220926b |||||||| |||| 00| 0 eng d | ||
| 024 | _a156862 | ||
| 037 | _cReference Collections | ||
| 040 |
_aRTL _cRTL _beng |
||
| 041 |
_2eng _aeng |
||
| 082 | _a"Y:5.1N45.N66s, K6" | ||
| 110 |
_a"UNITED NATIONS, ECONOMIC AND SOCIAL AFFAIRS (Deptt. of-), STATISICAL OFFICE" _9372262 |
||
| 245 | 0 |
_aPopulation and vital statistics report _b statistical papers |
|
| 260 |
_aNew _bYork United Nations _c1966 |
||
| 300 |
_a26p _ccm. |
||
| 490 | _aSeries A | ||
| 700 |
_a"UNITED NATIONS, ECONOMIC AND SOCIAL AFFAIRS (Deptt. of-), STATISICAL OFFICE" _9372263 |
||
| 942 |
_h"Y:5.1N45.N66s, K6" _cCC |
||
| 999 |
_c692386 _d692386 |
||